Physician assistant : (Record no. 2674)
[ view plain ]
| 000 -LEADER | |
|---|---|
| fixed length control field | 00967cam a22002774a 4500 |
| 001 - CONTROL NUMBER | |
| control field | 13069409 |
| 005 - DATE AND TIME OF LATEST TRANSACTION | |
| control field | 20250118144549.0 |
| 008 - FIXED-LENGTH DATA ELEMENTS--GENERAL INFORMATION | |
| fixed length control field | 030127s2003 pau b 001 0 eng |
| 020 ## - INTERNATIONAL STANDARD BOOK NUMBER | |
| International Standard Book Number | 9780721600178 |
| 050 00 - LIBRARY OF CONGRESS CALL NUMBER | |
| Classification number | R697.P45 |
| Item number | P48 2003 |
| 082 00 - DEWEY DECIMAL CLASSIFICATION NUMBER | |
| Classification number | 610.69/53 |
| Edition information | 21 |
| 245 00 - TITLE STATEMENT | |
| Title | Physician assistant : |
| Remainder of title | a guide to clinical practice / |
| Statement of responsibility, etc. | [edited by] Ruth Ballweg, Sherry Stolberg, Edward M. Sullivan. |
| 250 ## - EDITION STATEMENT | |
| Edition statement | 3rd ed. |
| 260 ## - PUBLICATION, DISTRIBUTION, ETC. | |
| Place of publication, distribution, etc. | Philadelphia, Pa. : |
| Name of publisher, distributor, etc. | Saunders/Elsevier Science, |
| Date of publication, distribution, etc. | c2003. |
| 300 ## - PHYSICAL DESCRIPTION | |
| Extent | xx, 1048 p. : |
| Other physical details | ill. |
| Dimensions | 23 cm. |
| 650 #0 - SUBJECT ADDED ENTRY--TOPICAL TERM | |
| Topical term or geographic name entry element | Physicians' assistants. |
| 650 #0 - SUBJECT ADDED ENTRY--TOPICAL TERM | |
| Topical term or geographic name entry element | Clinical competence. |
| 650 12 - SUBJECT ADDED ENTRY--TOPICAL TERM | |
| Topical term or geographic name entry element | Physician Assistants |
| Geographic subdivision | United States. |
| 650 22 - SUBJECT ADDED ENTRY--TOPICAL TERM | |
| Topical term or geographic name entry element | Clinical Competence |
| Geographic subdivision | United States. |
| 650 22 - SUBJECT ADDED ENTRY--TOPICAL TERM | |
| Topical term or geographic name entry element | Delivery of Health Care |
| General subdivision | methods |
| Geographic subdivision | United States. |
| 650 22 - SUBJECT ADDED ENTRY--TOPICAL TERM | |
| Topical term or geographic name entry element | Professional Role |
| Geographic subdivision | United States. |
| 700 1# - ADDED ENTRY--PERSONAL NAME | |
| Personal name | Ballweg, Ruth. |
| 700 1# - ADDED ENTRY--PERSONAL NAME | |
| Personal name | Stolberg, Sherry. |
| 700 1# - ADDED ENTRY--PERSONAL NAME | |
| Personal name | Sullivan, Edward M., |
| Dates associated with a name | 1948- |
| 942 ## - ADDED ENTRY ELEMENTS (KOHA) | |
| Source of classification or shelving scheme | Library of Congress Classification |
| Koha item type | Books |
| Edition | 3rd ed. |
| Suppress in OPAC | No |
| 999 ## - | |
| -- | 2674 |
| -- | 2674 |
| Withdrawn status | Lost status | Source of classification or shelving scheme | Damaged status | Not for loan | Collection | Home library | Current library | Shelving location | Date acquired | Total checkouts | Full call number | Barcode | Date last seen | Copy number | Price effective from | Koha item type |
|---|---|---|---|---|---|---|---|---|---|---|---|---|---|---|---|---|
| Library of Congress Classification | Non-fiction | Science Library (Miotso) | Science Library (Miotso) | General stacks | 01/18/2025 | R697 .P45 PHY | SLM00002021 | 01/18/2025 | 1 | 01/18/2025 | Books | |||||
| Library of Congress Classification | Non-fiction | Science Library (Miotso) | Science Library (Miotso) | General stacks | 01/18/2025 | R697 .P45 PHY | SLM00002022 | 01/18/2025 | 2 | 01/18/2025 | Books | |||||
| Library of Congress Classification | Non-fiction | Science Library (Miotso) | Science Library (Miotso) | General stacks | 01/18/2025 | R697 .P45 PHY | SLM00002023 | 01/18/2025 | 3 | 01/18/2025 | Books |